Statistics for Three Band Flags of Europe

Click here to take the quiz!

General Stats

  • This quiz has been taken 46,787 times
  • The average score is 13 of 15

Answer Stats

Country% Correct
France
99%
Italy
97%
Germany
95%
Ireland
95%
Belgium
93%
Netherlands
89%
Russia
88%
Estonia
84%
Romania
84%
Austria
83%
Latvia
79%
Bulgaria
75%
Luxembourg
75%
Lithuania
74%
Hungary
73%

Score Distribution

Percentile by Number Answered

Percent of People with Each Score

Your Score History

You have not taken this quiz